[Event "DEM U16 2020"]
[Site "Willingen GER"]
[Date "2020.10.21"]
[Round "2"]
[White "Kölle, Tobias"]
[Black "Pahl, Erik"]
[Result "1/2-1/2"]
[Termination "normal"]
[Board "2"]
[WhiteElo "2323"]
[BlackElo "2097"]
[WhiteClock "00:33:44"]
[BlackClock "00:10:08"]
[PlyCount "96"]
[WhiteFideId "16207378"]
[BlackFideId "16201272"]
[EventCountry "GER"]
[EventRounds "7"]
[EventType "swiss"]
[EventDate "2020.10.19"]

1. d4 {[%clk 1:30:57]} Nf6 {[%clk 1:30:46]} 2. c4 {[%clk 1:31:24]} e6 {[%clk
1:31:06]} 3. Nc3 {[%clk 1:31:08]} Bb4 {[%clk 1:31:29]} 4. e3 {[%clk 1:31:14]}
O-O {[%clk 1:31:32]} 5. Bd2 {[%clk 1:31:41]} d5 {[%clk 1:26:09]} 6. Nf3 {[%clk
1:31:51]} Nbd7 {[%clk 1:19:23]} 7. Rc1 {[%clk 1:28:28]} Be7 {[%clk 1:15:40]} 8.
cxd5 {[%clk 1:27:20]} exd5 {[%clk 1:16:00]} 9. Bd3 {[%clk 1:27:45]} Re8 {[%clk
1:15:40]} 10. O-O {[%clk 1:28:04]} Nf8 {[%clk 1:15:10]} 11. Ne5 {[%clk
1:22:09]} c6 {[%clk 1:13:08]} 12. f4 {[%clk 1:15:59]} N6d7 {[%clk 1:05:24]} 13.
Qh5 {[%clk 1:07:49]} Nxe5 {[%clk 1:02:37]} 14. fxe5 {[%clk 1:08:09]} f6 {[%clk
1:02:20]} 15. Be1 {[%clk 0:59:23]} g6 {[%clk 1:00:37]} 16. Qf3 {[%clk 0:58:23]}
fxe5 {[%clk 1:00:24]} 17. Bg3 {[%clk 0:50:53]} Be6 {[%clk 0:58:42]} 18. Bxe5
{[%clk 0:48:52]} Nd7 {[%clk 0:58:15]} 19. Ne2 {[%clk 0:43:29]} Nxe5 {[%clk
0:49:20]} 20. dxe5 {[%clk 0:43:56]} Qc7 {[%clk 0:49:28]} 21. Qg3 {[%clk
0:43:05]} Bf8 {[%clk 0:49:12]} 22. h4 {[%clk 0:31:44]} Bg7 {[%clk 0:44:14]} 23.
h5 {[%clk 0:31:44]} gxh5 {[%clk 0:42:16]} 24. Nf4 {[%clk 0:25:40]} Qxe5 {[%clk
0:39:44]} 25. Qf2 {[%clk 0:24:00]} Re7 {[%clk 0:37:03]} 26. Qc2 {[%clk
0:23:49]} Bh6 {[%clk 0:35:28]} 27. Kh1 {[%clk 0:21:36]} Bg4 {[%clk 0:33:53]}
28. Rce1 {[%clk 0:21:28]} Rf8 {[%clk 0:31:37]} 29. b4 {[%clk 0:19:48]} d4
{[%clk 0:21:47]} 30. exd4 {[%clk 0:19:02]} Qxe1 {[%clk 0:18:24]} 31. Bxh7+
{[%clk 0:19:28]} Kh8 {[%clk 0:18:37]} 32. Ng6+ {[%clk 0:19:25]} Kg7 {[%clk
0:18:59]} 33. Rxe1 {[%clk 0:19:30]} Rxe1+ {[%clk 0:19:13]} 34. Kh2 {[%clk
0:20:00]} Re2 {[%clk 0:15:56]} 35. Qd3 {[%clk 0:17:29]} Re3 {[%clk 0:15:14]}
36. Qc4 {[%clk 0:16:24]} Be6 {[%clk 0:11:55]} 37. d5 {[%clk 0:16:34]} Bxd5
{[%clk 0:12:01]} 38. Qd4+ {[%clk 0:15:08]} Rf6 {[%clk 0:12:13]} 39. b5 {[%clk
0:11:12]} Re2 {[%clk 0:09:01]} 40. bxc6 {[%clk 0:11:01]} Rxg2+ {[%clk 0:07:32]}
41. Kh3 {[%clk 0:11:29]} Bxc6 {[%clk 0:19:54]} 42. Nh4 {[%clk 0:42:02]} Rg4
{[%clk 0:19:34]} 43. Nf5+ {[%clk 0:35:59]} Kf7 {[%clk 0:18:54]} 44. Bg8+ {[%clk
0:33:11]} Kg6 {[%clk 0:09:44]} 45. Ne7+ {[%clk 0:32:40]} Kg7 {[%clk 0:09:38]}
46. Nf5+ {[%clk 0:33:06]} Kg6 {[%clk 0:09:21]} 47. Ne7+ {[%clk 0:33:17]} Kg7
{[%clk 0:09:45]} 48. Nf5+ {[%clk 0:33:44]} Kg6 {[%clk 0:10:08]} 1/2-1/2

[Event "DEM U16 2020"]
[Site "Willingen GER"]
[Date "2020.10.21"]
[Round "2"]
[White "Sulayev, Daniel"]
[Black "Dobrikov, Marco"]
[Result "1-0"]
[Termination "normal"]
[Board "3"]
[WhiteElo "2193"]
[BlackElo "2332"]
[WhiteClock "00:30:50"]
[BlackClock "00:21:23"]
[PlyCount "113"]
[WhiteFideId "12977675"]
[BlackFideId "12950378"]
[EventCountry "GER"]
[EventRounds "7"]
[EventType "swiss"]
[EventDate "2020.10.19"]

1. c4 {[%clk 1:30:55]} c5 {[%clk 1:30:54]} 2. Nf3 {[%clk 1:31:16]} Nc6 {[%clk
1:31:19]} 3. e3 {[%clk 1:31:36]} Nf6 {[%clk 1:30:39]} 4. Nc3 {[%clk 1:31:57]}
e5 {[%clk 1:31:00]} 5. d4 {[%clk 1:32:14]} e4 {[%clk 1:30:34]} 6. d5 {[%clk
1:32:36]} exf3 {[%clk 1:30:17]} 7. dxc6 {[%clk 1:32:58]} fxg2 {[%clk 1:26:51]}
8. cxd7+ {[%clk 1:33:04]} Bxd7 {[%clk 1:21:40]} 9. Bxg2 {[%clk 1:31:15]} g6
{[%clk 1:17:14]} 10. Bxb7 {[%clk 1:23:41]} Rb8 {[%clk 1:17:41]} 11. Bg2 {[%clk
1:23:43]} Bg7 {[%clk 1:14:55]} 12. Qd6 {[%clk 1:18:28]} Qb6 {[%clk 1:10:39]}
13. Qxb6 {[%clk 1:15:25]} Rxb6 {[%clk 1:10:59]} 14. Ke2 {[%clk 1:04:15]} Be6
{[%clk 1:08:04]} 15. b3 {[%clk 1:03:42]} Ne4 {[%clk 0:40:16]} 16. Bxe4 {[%clk
1:03:36]} Bxc3 {[%clk 0:40:43]} 17. Rb1 {[%clk 1:03:47]} f5 {[%clk 0:40:21]}
18. Bd3 {[%clk 1:00:49]} Kf7 {[%clk 0:38:47]} 19. Bd2 {[%clk 0:54:09]} Bf6
{[%clk 0:35:03]} 20. Rhc1 {[%clk 0:41:26]} Rd6 {[%clk 0:34:10]} 21. Bc3 {[%clk
0:40:33]} Rhd8 {[%clk 0:34:21]} 22. Bxf6 {[%clk 0:40:49]} Kxf6 {[%clk 0:34:49]}
23. Rd1 {[%clk 0:40:29]} f4 {[%clk 0:31:39]} 24. Bc2 {[%clk 0:39:43]} Bg4+
{[%clk 0:27:02]} 25. f3 {[%clk 0:40:02]} Bf5 {[%clk 0:17:58]} 26. Rxd6+ {[%clk
0:30:54]} Rxd6 {[%clk 0:18:23]} 27. Bxf5 {[%clk 0:26:42]} Kxf5 {[%clk 0:18:47]}
28. e4+ {[%clk 0:25:59]} Ke5 {[%clk 0:11:10]} 29. h4 {[%clk 0:20:00]} Ra6
{[%clk 0:08:16]} 30. Rb2 {[%clk 0:20:17]} Kd4 {[%clk 0:06:21]} 31. Rd2+ {[%clk
0:19:43]} Kc3 {[%clk 0:06:48]} 32. Kd1 {[%clk 0:18:19]} h6 {[%clk 0:06:40]} 33.
e5 {[%clk 0:15:26]} g5 {[%clk 0:05:09]} 34. hxg5 {[%clk 0:14:21]} hxg5 {[%clk
0:05:38]} 35. Re2 {[%clk 0:07:04]} Re6 {[%clk 0:05:33]} 36. Re4 {[%clk
0:06:55]} Kd3 {[%clk 0:04:52]} 37. Ke1 {[%clk 0:05:56]} a5 {[%clk 0:02:34]} 38.
Kf2 {[%clk 0:05:24]} g4 {[%clk 0:00:53]} 39. Rxf4 {[%clk 0:04:39]} Rxe5 {[%clk
0:00:51]} 40. fxg4 {[%clk 0:04:53]} Re2+ 41. Kg3 {[%clk 0:03:24]} Rxa2 {[%clk
0:01:10]} 42. g5 {[%clk 0:03:19]} Ra1 {[%clk 0:30:04]} 43. Rg4 {[%clk 0:31:52]}
Rb1 {[%clk 0:23:55]} 44. Kf4 {[%clk 0:27:38]} Rxb3 {[%clk 0:19:25]} 45. Rg3+
{[%clk 0:26:40]} Kxc4 {[%clk 0:19:51]} 46. Rxb3 {[%clk 0:27:00]} Kxb3 {[%clk
0:20:17]} 47. g6 {[%clk 0:27:22]} a4 {[%clk 0:20:27]} 48. g7 {[%clk 0:27:46]}
a3 {[%clk 0:20:56]} 49. g8=Q+ {[%clk 0:28:04]} Kb2 {[%clk 0:20:54]} 50. Qg2+
{[%clk 0:28:14]} Kb1 {[%clk 0:19:50]} 51. Qf1+ {[%clk 0:28:34]} Kb2 {[%clk
0:20:10]} 52. Qe2+ {[%clk 0:28:58]} Kb1 {[%clk 0:20:31]} 53. Qd1+ {[%clk
0:29:21]} Kb2 {[%clk 0:21:00]} 54. Qd2+ {[%clk 0:29:42]} Kb1 {[%clk 0:21:26]}
55. Qc3 {[%clk 0:30:02]} a2 {[%clk 0:20:57]} 56. Qb3+ {[%clk 0:30:27]} Ka1
{[%clk 0:21:23]} 57. Qc2 {[%clk 0:30:50]} 1-0

[Event "DEM U16 2020"]
[Site "Willingen GER"]
[Date "2020.10.21"]
[Round "2"]
[White "Skabs, Denis"]
[Black "Kolb, Tobias"]
[Result "0-1"]
[Termination "normal"]
[Board "4"]
[WhiteElo "1875"]
[BlackElo "2268"]
[WhiteClock "00:04:19"]
[BlackClock "00:12:59"]
[PlyCount "70"]
[WhiteFideId "16248449"]
[BlackFideId "12992321"]
[EventCountry "GER"]
[EventRounds "7"]
[EventType "swiss"]
[EventDate "2020.10.19"]

1. e4 {[%clk 1:30:56]} c6 {[%clk 1:30:56]} 2. d4 {[%clk 1:31:21]} d5 {[%clk
1:31:23]} 3. exd5 {[%clk 1:31:46]} cxd5 {[%clk 1:31:49]} 4. c4 {[%clk 1:32:08]}
Nf6 {[%clk 1:32:15]} 5. Nc3 {[%clk 1:32:32]} e6 {[%clk 1:32:41]} 6. Bg5 {[%clk
1:32:11]} Be7 {[%clk 1:32:55]} 7. Nf3 {[%clk 1:32:23]} O-O {[%clk 1:33:00]} 8.
a3 {[%clk 1:27:23]} b6 {[%clk 1:29:48]} 9. Bd3 {[%clk 1:23:12]} Bb7 {[%clk
1:24:23]} 10. O-O {[%clk 1:22:56]} dxc4 {[%clk 1:21:59]} 11. Bxc4 {[%clk
1:23:18]} Nc6 {[%clk 1:20:12]} 12. Rc1 {[%clk 1:20:04]} Rc8 {[%clk 1:08:00]}
13. Bd3 {[%clk 1:08:12]} g6 {[%clk 0:56:59]} 14. Bb1 {[%clk 1:04:46]} Na5
{[%clk 0:54:11]} 15. Ne5 {[%clk 0:49:59]} Nd7 {[%clk 0:49:16]} 16. Bxe7 {[%clk
0:49:01]} Qxe7 {[%clk 0:49:39]} 17. Ne4 {[%clk 0:42:13]} Bxe4 {[%clk 0:41:55]}
18. Bxe4 {[%clk 0:41:43]} Nxe5 {[%clk 0:35:47]} 19. dxe5 {[%clk 0:41:54]} Nc4
{[%clk 0:35:34]} 20. g3 {[%clk 0:35:02]} Nxe5 {[%clk 0:32:08]} 21. Qd4 {[%clk
0:34:00]} Nd7 {[%clk 0:31:38]} 22. b4 {[%clk 0:32:03]} Nf6 {[%clk 0:30:27]} 23.
Bf3 {[%clk 0:30:17]} e5 {[%clk 0:28:59]} 24. Qe3 {[%clk 0:30:14]} Rxc1 {[%clk
0:23:11]} 25. Rxc1 {[%clk 0:30:33]} e4 {[%clk 0:22:54]} 26. Re1 {[%clk
0:24:04]} Re8 {[%clk 0:23:07]} 27. Qf4 {[%clk 0:21:03]} a5 {[%clk 0:20:37]} 28.
bxa5 {[%clk 0:20:52]} bxa5 {[%clk 0:21:04]} 29. g4 {[%clk 0:16:22]} Kg7 {[%clk
0:16:48]} 30. Qe3 {[%clk 0:12:23]} Qe6 {[%clk 0:14:25]} 31. Qd4 {[%clk
0:08:18]} Qe5 {[%clk 0:13:10]} 32. Qxe5 {[%clk 0:08:15]} Rxe5 {[%clk 0:13:36]}
33. h3 {[%clk 0:06:58]} h5 {[%clk 0:13:05]} 34. Kh2 {[%clk 0:04:28]} hxg4
{[%clk 0:12:35]} 35. hxg4 {[%clk 0:04:19]} exf3 {[%clk 0:12:59]} 0-1

[Event "DEM U16 2020"]
[Site "Willingen GER"]
[Date "2020.10.21"]
[Round "2"]
[White "Boder, Jan"]
[Black "Simukov, Erik"]
[Result "1-0"]
[Termination "normal"]
[Board "5"]
[WhiteElo "2155"]
[BlackElo "2012"]
[WhiteClock "00:57:36"]
[BlackClock "00:33:16"]
[PlyCount "55"]
[WhiteFideId "16243226"]
[BlackFideId "12995380"]
[EventCountry "GER"]
[EventRounds "7"]
[EventType "swiss"]
[EventDate "2020.10.19"]

1. c4 {[%clk 1:30:57]} e6 {[%clk 1:30:53]} 2. g3 {[%clk 1:31:21]} d5 {[%clk
1:31:15]} 3. Bg2 {[%clk 1:31:40]} Nf6 {[%clk 1:31:35]} 4. Nf3 {[%clk 1:32:05]}
Be7 {[%clk 1:31:31]} 5. O-O {[%clk 1:32:30]} O-O {[%clk 1:30:51]} 6. b3 {[%clk
1:32:52]} c5 {[%clk 1:30:36]} 7. cxd5 {[%clk 1:32:51]} Nxd5 {[%clk 1:30:30]} 8.
Bb2 {[%clk 1:33:13]} b6 {[%clk 1:30:15]} 9. d4 {[%clk 1:33:03]} Bb7 {[%clk
1:29:58]} 10. dxc5 {[%clk 1:32:44]} Bxc5 {[%clk 1:30:19]} 11. Nbd2 {[%clk
1:33:04]} Nd7 {[%clk 1:29:38]} 12. Ne4 {[%clk 1:31:42]} Ne3 {[%clk 1:21:25]}
13. Nxc5 {[%clk 1:30:58]} Nxd1 {[%clk 1:21:25]} 14. Nxb7 {[%clk 1:31:20]} Qe7
{[%clk 1:16:19]} 15. Rfxd1 {[%clk 1:30:50]} Nc5 {[%clk 1:13:10]} 16. Nxc5
{[%clk 1:30:28]} Qxc5 {[%clk 1:11:40]} 17. Ne5 {[%clk 1:17:36]} Rad8 {[%clk
1:11:10]} 18. Rdc1 {[%clk 1:15:47]} Qb5 {[%clk 1:08:59]} 19. Rc2 {[%clk
1:13:22]} Qa6 {[%clk 0:50:14]} 20. a4 {[%clk 1:08:43]} f6 {[%clk 0:42:02]} 21.
Nc6 {[%clk 1:08:30]} Rd7 {[%clk 0:41:14]} 22. Ba3 {[%clk 1:05:22]} Re8 {[%clk
0:38:16]} 23. Rac1 {[%clk 1:00:37]} Rf7 {[%clk 0:35:13]} 24. Nb4 {[%clk
0:57:47]} Qa5 {[%clk 0:35:26]} 25. Bc6 {[%clk 0:57:56]} Rc8 {[%clk 0:34:36]}
26. Bb5 {[%clk 0:57:29]} Rxc2 {[%clk 0:34:58]} 27. Rxc2 {[%clk 0:57:57]} Rf8
{[%clk 0:33:16]} 28. Nd3 {[%clk 0:57:36]} 1-0

[Event "DEM U16 2020"]
[Site "Willingen GER"]
[Date "2020.10.21"]
[Round "2"]
[White "Fromm, Marius"]
[Black "Nguyen, Alex Dac-Vuong"]
[Result "1-0"]
[Termination "normal"]
[Board "6"]
[BlackTitle "FM"]
[WhiteElo "2190"]
[BlackElo "2343"]
[WhiteClock "00:01:23"]
[BlackClock "00:03:17"]
[PlyCount "79"]
[WhiteFideId "12993190"]
[BlackFideId "12984388"]
[EventCountry "GER"]
[EventRounds "7"]
[EventType "swiss"]
[EventDate "2020.10.19"]

1. e4 {[%clk 1:30:56]} e6 {[%clk 1:30:54]} 2. d4 {[%clk 1:31:12]} d5 {[%clk
1:31:19]} 3. Nc3 {[%clk 1:31:38]} Nf6 {[%clk 1:31:43]} 4. e5 {[%clk 1:32:00]}
Nfd7 {[%clk 1:32:08]} 5. f4 {[%clk 1:32:24]} c5 {[%clk 1:32:35]} 6. Nf3 {[%clk
1:32:48]} Nc6 {[%clk 1:32:59]} 7. Be3 {[%clk 1:33:13]} Be7 {[%clk 1:33:24]} 8.
dxc5 {[%clk 1:33:33]} Nxc5 {[%clk 1:33:45]} 9. Be2 {[%clk 1:33:54]} O-O {[%clk
1:31:54]} 10. O-O {[%clk 1:34:19]} b6 {[%clk 1:22:35]} 11. Qe1 {[%clk 1:34:39]}
Bb7 {[%clk 1:19:40]} 12. Rd1 {[%clk 1:33:36]} Qc8 {[%clk 1:16:44]} 13. f5
{[%clk 1:15:07]} d4 {[%clk 1:03:37]} 14. f6 {[%clk 1:06:11]} gxf6 {[%clk
0:47:51]} 15. exf6 {[%clk 1:01:33]} Bxf6 {[%clk 0:48:08]} 16. Nxd4 {[%clk
1:02:00]} Bg7 {[%clk 0:44:56]} 17. Nxc6 {[%clk 1:00:09]} Bxc6 {[%clk 0:42:26]}
18. Rd4 {[%clk 0:53:08]} f5 {[%clk 0:38:05]} 19. Rh4 {[%clk 0:43:22]} Qc7
{[%clk 0:18:33]} 20. Bc4 {[%clk 0:40:16]} Rae8 {[%clk 0:17:50]} 21. Bd4 {[%clk
0:35:13]} Bxd4+ {[%clk 0:16:56]} 22. Rxd4 {[%clk 0:35:39]} Qg7 {[%clk 0:17:17]}
23. Qg3 {[%clk 0:34:09]} Rf6 {[%clk 0:13:57]} 24. Qxg7+ {[%clk 0:23:06]} Kxg7
{[%clk 0:14:22]} 25. Rd6 {[%clk 0:23:29]} e5 {[%clk 0:14:19]} 26. Rxc6 {[%clk
0:23:40]} Rxc6 {[%clk 0:14:45]} 27. Bb5 {[%clk 0:24:04]} Rce6 {[%clk 0:14:14]}
28. Bxe8 {[%clk 0:24:29]} Rxe8 {[%clk 0:14:41]} 29. Rxf5 {[%clk 0:24:54]} Kg6
{[%clk 0:13:26]} 30. g4 {[%clk 0:22:30]} Nd7 {[%clk 0:10:33]} 31. Nd5 {[%clk
0:19:25]} Re6 {[%clk 0:09:03]} 32. h3 {[%clk 0:12:09]} Rd6 {[%clk 0:07:13]} 33.
c4 {[%clk 0:12:36]} Kg7 {[%clk 0:06:11]} 34. Rf2 {[%clk 0:10:35]} b5 {[%clk
0:03:42]} 35. Ne3 {[%clk 0:10:23]} Rd3 {[%clk 0:04:06]} 36. Nf5+ {[%clk
0:09:24]} Kg6 {[%clk 0:03:12]} 37. cxb5 {[%clk 0:09:50]} Rxh3 {[%clk 0:03:33]}
38. Rd2 {[%clk 0:09:58]} Nf6 {[%clk 0:03:07]} 39. Kg2 {[%clk 0:02:11]} Ne4
{[%clk 0:03:17]} 40. Rd7 {[%clk 0:01:23]} 1-0

[Event "DEM U16 2020"]
[Site "Willingen GER"]
[Date "2020.10.21"]
[Round "2"]
[White "Lohvinov, Petro"]
[Black "Khachatryan, Taron"]
[Result "1/2-1/2"]
[Termination "normal"]
[Board "7"]
[WhiteElo "2152"]
[BlackElo "2136"]
[WhiteClock "00:07:37"]
[BlackClock "00:58:45"]
[PlyCount "44"]
[WhiteFideId "14176661"]
[BlackFideId "16216598"]
[EventCountry "GER"]
[EventRounds "7"]
[EventType "swiss"]
[EventDate "2020.10.19"]

1. e4 {[%clk 1:30:49]} c5 {[%clk 1:30:51]} 2. Nf3 {[%clk 1:30:54]} d6 {[%clk
1:31:09]} 3. d4 {[%clk 1:31:18]} cxd4 {[%clk 1:31:30]} 4. Qxd4 {[%clk 1:31:37]}
Nc6 {[%clk 1:30:55]} 5. Qe3 {[%clk 1:31:58]} Nf6 {[%clk 1:31:14]} 6. Be2 {[%clk
1:31:43]} g6 {[%clk 1:30:20]} 7. h3 {[%clk 1:31:38]} Bg7 {[%clk 1:30:21]} 8.
O-O {[%clk 1:31:54]} O-O {[%clk 1:30:40]} 9. Rd1 {[%clk 1:32:12]} Qc7 {[%clk
1:30:33]} 10. Nc3 {[%clk 1:10:32]} a6 {[%clk 1:29:37]} 11. a3 {[%clk 1:07:12]}
e6 {[%clk 1:26:24]} 12. Qg5 {[%clk 1:04:42]} Re8 {[%clk 1:23:27]} 13. Qg3
{[%clk 0:52:34]} Ne5 {[%clk 1:17:31]} 14. Nxe5 {[%clk 0:49:34]} dxe5 {[%clk
1:17:51]} 15. Be3 {[%clk 0:40:37]} b5 {[%clk 1:13:20]} 16. Qh4 {[%clk 0:36:44]}
Bb7 {[%clk 1:11:58]} 17. Rd2 {[%clk 0:31:33]} Bc6 {[%clk 1:07:03]} 18. Rad1
{[%clk 0:29:25]} Qb7 {[%clk 1:04:52]} 19. Bg5 {[%clk 0:09:57]} Nd7 {[%clk
1:00:54]} 20. Nd5 {[%clk 0:06:56]} exd5 {[%clk 0:58:55]} 21. exd5 {[%clk
0:07:17]} Bxd5 {[%clk 0:59:06]} 22. Rxd5 {[%clk 0:07:37]} Nb6 {[%clk 0:58:45]}
1/2-1/2

[Event "DEM U16 2020"]
[Site "Willingen GER"]
[Date "2020.10.21"]
[Round "2"]
[White "Pubantz, Jan"]
[Black "Hommel, Niclas"]
[Result "1-0"]
[Termination "normal"]
[Board "8"]
[WhiteElo "2295"]
[BlackElo "2047"]
[WhiteClock "00:01:22"]
[BlackClock "00:01:25"]
[PlyCount "160"]
[WhiteFideId "12996114"]
[BlackFideId "12974927"]
[EventCountry "GER"]
[EventRounds "7"]
[EventType "swiss"]
[EventDate "2020.10.19"]

1. Nf3 {[%clk 1:30:54]} Nf6 {[%clk 1:30:55]} 2. c4 {[%clk 1:31:17]} c5 {[%clk
1:31:20]} 3. Nc3 {[%clk 1:30:51]} d5 {[%clk 1:31:41]} 4. cxd5 {[%clk 1:30:35]}
Nxd5 {[%clk 1:32:05]} 5. e3 {[%clk 1:30:31]} Nc6 {[%clk 1:27:30]} 6. Bb5 {[%clk
1:30:54]} a6 {[%clk 1:04:35]} 7. Bxc6+ {[%clk 1:25:15]} bxc6 {[%clk 1:05:01]}
8. O-O {[%clk 1:04:46]} e6 {[%clk 1:00:48]} 9. Qa4 {[%clk 0:52:18]} Qc7 {[%clk
0:57:10]} 10. d4 {[%clk 0:48:37]} Nb6 {[%clk 0:37:39]} 11. Qa5 {[%clk 0:40:56]}
cxd4 {[%clk 0:32:37]} 12. exd4 {[%clk 0:33:32]} Nd5 {[%clk 0:10:50]} 13. Qxc7
{[%clk 0:31:16]} Nxc7 {[%clk 0:11:17]} 14. Na4 {[%clk 0:24:45]} Nd5 {[%clk
0:09:03]} 15. Ne5 {[%clk 0:20:53]} f6 {[%clk 0:06:53]} 16. Nc4 {[%clk 0:19:35]}
Rb8 {[%clk 0:05:20]} 17. b3 {[%clk 0:18:48]} Bb4 {[%clk 0:04:43]} 18. Ba3
{[%clk 0:18:22]} a5 {[%clk 0:05:07]} 19. Bxb4 {[%clk 0:16:27]} axb4 {[%clk
0:05:35]} 20. Rfe1 {[%clk 0:14:15]} Ke7 {[%clk 0:04:10]} 21. Rac1 {[%clk
0:13:17]} Bd7 {[%clk 0:04:04]} 22. Rc2 {[%clk 0:11:58]} Rhe8 {[%clk 0:03:59]}
23. g3 {[%clk 0:10:39]} Rb5 {[%clk 0:03:43]} 24. f4 {[%clk 0:09:59]} g6 {[%clk
0:03:49]} 25. Kf2 {[%clk 0:09:31]} Rd8 {[%clk 0:03:20]} 26. Kf3 {[%clk
0:05:25]} Bc8 {[%clk 0:03:46]} 27. g4 {[%clk 0:04:23]} Nc3 {[%clk 0:03:30]} 28.
Nxc3 {[%clk 0:03:19]} bxc3 {[%clk 0:03:58]} 29. Ke3 {[%clk 0:03:10]} h5 {[%clk
0:01:59]} 30. h3 {[%clk 0:01:53]} hxg4 {[%clk 0:02:28]} 31. hxg4 {[%clk
0:02:23]} Rh8 {[%clk 0:02:49]} 32. Kd3 {[%clk 0:00:39]} Rh4 {[%clk 0:02:36]}
33. Ne3 {[%clk 0:00:58]} c5 {[%clk 0:00:36]} 34. Kxc3 {[%clk 0:00:34]} cxd4+
{[%clk 0:00:40]} 35. Kxd4 {[%clk 0:01:02]} e5+ {[%clk 0:00:35]} 36. fxe5 {[%clk
0:01:25]} fxe5+ {[%clk 0:01:03]} 37. Kc4 {[%clk 0:01:22]} Rb8 {[%clk 0:01:18]}
38. Rg2 {[%clk 0:01:36]} Be6+ {[%clk 0:01:18]} 39. Kc3 {[%clk 0:02:02]} Rh3
{[%clk 0:01:25]} 40. Kb2 {[%clk 0:01:33]} Rb4 {[%clk 0:01:00]} 41. Nc2 {[%clk
0:24:56]} Rxg4 {[%clk 0:18:53]} 42. Rxg4 {[%clk 0:25:07]} Bxg4 {[%clk 0:19:19]}
43. Rxe5+ {[%clk 0:25:29]} Kf6 {[%clk 0:19:11]} 44. Re1 {[%clk 0:22:31]} g5
{[%clk 0:17:17]} 45. a4 {[%clk 0:15:07]} Bf3 {[%clk 0:11:00]} 46. b4 {[%clk
0:04:24]} g4 {[%clk 0:06:00]} 47. Ne3 {[%clk 0:02:01]} Rh5 {[%clk 0:02:30]} 48.
Kc3 {[%clk 0:01:25]} Re5 {[%clk 0:02:44]} 49. Kd3 {[%clk 0:01:26]} Ke6 {[%clk
0:02:06]} 50. b5 {[%clk 0:00:35]} Kd7 {[%clk 0:02:05]} 51. Rg1 {[%clk 0:00:45]}
Re4 {[%clk 0:01:49]} 52. Nc4 {[%clk 0:01:00]} Kc7 {[%clk 0:01:37]} 53. a5
{[%clk 0:01:11]} Re6 {[%clk 0:01:12]} 54. Kd4 {[%clk 0:01:04]} Rg6 {[%clk
0:01:04]} 55. a6 {[%clk 0:00:38]} Be2 {[%clk 0:00:35]} 56. b6+ {[%clk 0:00:33]}
Rxb6 {[%clk 0:00:53]} 57. Nxb6 {[%clk 0:00:44]} Kxb6 {[%clk 0:01:19]} 58. Ke3
{[%clk 0:00:51]} Bxa6 {[%clk 0:01:35]} 59. Rxg4 {[%clk 0:01:17]} Kc5 {[%clk
0:01:50]} 60. Rg5+ {[%clk 0:01:38]} Kb4 {[%clk 0:02:08]} 61. Kd4 {[%clk
0:02:01]} Kb3 {[%clk 0:02:20]} 62. Ra5 {[%clk 0:01:45]} Bc4 {[%clk 0:02:30]}
63. Ra7 {[%clk 0:01:53]} Bg8 {[%clk 0:02:29]} 64. Rb7+ {[%clk 0:00:54]} Ka2
{[%clk 0:02:40]} 65. Kc3 {[%clk 0:00:50]} Ka1 {[%clk 0:03:03]} 66. Rg7 {[%clk
0:00:36]} Ba2 {[%clk 0:03:17]} 67. Kc2 {[%clk 0:00:33]} Bb1+ {[%clk 0:03:23]}
68. Kb3 {[%clk 0:00:38]} Ba2+ {[%clk 0:03:46]} 69. Kc3 {[%clk 0:00:41]} Bb1
{[%clk 0:03:43]} 70. Rg1 {[%clk 0:00:40]} Ka2 {[%clk 0:04:09]} 71. Rg5 {[%clk
0:00:35]} Ka1 {[%clk 0:04:33]} 72. Kb3 {[%clk 0:00:32]} Ba2+ {[%clk 0:04:51]}
73. Ka3 {[%clk 0:00:51]} Bb1 {[%clk 0:05:07]} 74. Rg2 {[%clk 0:01:02]} Bd3
{[%clk 0:03:24]} 75. Ra2+ {[%clk 0:01:01]} Kb1 {[%clk 0:03:45]} 76. Rd2 {[%clk
0:01:23]} Bc2 {[%clk 0:02:24]} 77. Rf2 {[%clk 0:00:49]} Bd3 {[%clk 0:02:12]}
78. Kb3 {[%clk 0:01:05]} Kc1 {[%clk 0:00:46]} 79. Kc3 {[%clk 0:01:17]} Bb5
{[%clk 0:01:13]} 80. Rf5 {[%clk 0:01:22]} Be2 {[%clk 0:01:25]} *